00827nam a2200241 a 450000100060000000300090000600800410001504000280005608200180008410000240010224500440012626000360017030000100020649000170021659000660023365000370029965000220033665000320035865000130039094200120040399900170041595201530043219774CO-ViMGA141112s2004 ck r 000 u spa d aCO-ViMGAbspacCO-ViMGA04a612.661 D419q1 aDiaz, Manuel92825110aQue le pasa a mi cuerpo? para muchachas aBogotá : bJuan Pablo, c2001 a76 p. aAdolescentes aForma de adquisición : Premio Mincultura - - Precio : 4.48014aADOLESCENTES - PSICOLOGIA92824014aFISIOLOGIA HUMANA14aMUJERES ADOLESCENTES92862014aPUBERTAD 2ddccBK c28906d28906 00102ddc40708002aMEVIECARbMEVIECARd2015-12-04hVolumen. 1 | 11/jun/2009l0o612.661 D419q p19774r2015-12-04 00:00:00tEj. 1w2015-12-04yBK